| 000 | 00723cam a2200217 a 4500 | ||
|---|---|---|---|
| 020 | _a9780821367476 (pbk.) | ||
| 020 | _a0821367471 (pbk.) | ||
| 020 | _a082136748X (electronic) | ||
| 020 | _a9780821367483 (electronic) | ||
| 040 | _cDLC | ||
| 082 | 0 | 0 | _a338 INT 2007 A066 Or. |
| 100 | 1 | _aGill, Indermit Singh, | |
| 245 | 1 | 3 |
_aAn East Asian renaissance : _bideas for economic growth / |
| 260 |
_aWashington, DC : _bInternational Bank for Reconstruction and Development/World Bank, _cc2007. |
||
| 300 |
_axv, 365 p. : _bill., maps ; _c24 cm. |
||
| 700 | 1 | _aKharas, Homi J., | |
| 700 | 1 | _aBhattasali, Deepak. | |
| 710 | 2 | _aWorld Bank. | |
| 856 | 4 | 1 | _uhttp://www.loc.gov/catdir/toc/ecip077/2006037026.html |
| 942 | _cEK | ||
| 999 |
_c14149 _d14149 |
||